000 00809nam a2200205Ia 4500
001 5618
003 GE_BSU
008 181216s||||||||xx |||||||||||||| ||und||
040 _cGE_BSU
080 _a51(072)
100 _aКудрявцев Л.Д.
245 _aСовременная математика и ее преподавание. С предисловием П.С. Александрова.
245 _bИзд. 2-Е, дополн. Учеб пособие для. студ. математических спец. вузов.
260 _aМосква
260 _bНаука
260 _c1985
300 _a166 с. 20 см.
653 _aСовременная математика и ее преподавание. С предисловием П.С. Александрова.
942 _cBK
999 _c39070
_d39070